000 00662nam a2200205Ia 4500
003 GCL
008 140319s9999 xx 000 0 ara d
020 _a2019203977
040 _aGCL /
_cGCL
082 0 4 _a372
_bع ب
100 1 _aعفاف عبدالكريم
245 1 0 _aالبرامج الحركية والتدريس للصغار /
_cعفاف عبدالكريم
260 _aالقاهرة :
_bمنشاة المعارف ،
_c1995
300 _a548 ص ؛
_c24 سم
650 0 4 _aرياض الاطفال
650 0 4 _aعلم النفس التربوى
650 0 4 _aالتدريس
650 0 4 _aرياض الاطفال - تدريس
942 _2ddc
_cBK
999 _c42506
_d42506